Statistics for U.S Senators by Old Photos

Click here to take the quiz!

General Stats

  • This quiz has been taken 32 times
  • The average score is 21 of 55

Answer Stats

Answer% Correct
Mitch McConnell
95%
Dianne Feinstein
79%
Cory Booker
74%
Bernie Sanders
68%
Susan Collins
68%
Tammy Duckworth
68%
Tom Cotton
68%
John Fetterman
63%
Tim Scott
63%
Amy Klobuchar
58%
Angus King
58%
Chuck Grassley
58%
Marco Rubio
58%
Raphael Warnock
58%
J.D Vance
53%
Richard Durbin
53%
Tom Carper
53%
Mark Kelly
47%
Ron Wyden
47%
Bob Menendez
42%
Ed Markey
42%
Maria Cantwell
42%
Marsha Blackburn
42%
Ted Cruz
42%
Alex Padilla
37%
Elizabeth Warren
37%
Tina Smith
37%
Bob Casey
32%
Kirsten Gillibrand
32%
Kyrsten Sinema
32%
Mitt Romney
32%
Patty Murray
32%
Rand Paul
32%
Richard Blumenthal
32%
Tammy Baldwin
32%
Thom Tillis
32%
Todd Young
32%
Sherrod Brown
26%
Tommy Tuberville
26%
Charles Schumer
21%
Gary Peters
21%
Jack Reed
21%
Josh Hawley
21%
Lindsey Graham
21%
Ron Johnson
21%
Chris Van Hollen
16%
John Cornyn
16%
John Hickenlooper
16%
Tim Kaine
16%
John Boozman
11%
Joni Ernst
11%
Rick Scott
11%
Roger Marshall
11%
Eric Schmitt
5%
Pete Ricketts
5%

Score Distribution

Percentile by Number Answered

Percent of People with Each Score

Your Score History

You have not taken this quiz